006780000a22001810004500003001100000008004100011020001500052040002400067082001800091111009500109245007700204260007700281300002600358650004100384650002900425650002300454650001900477LK-CoMWRAF230817t1992 ||||| |||| 00| 0 eng d a9839213008 aMWRAFdMWRAFeMWRAF a305.4095bASI aASIA PACIFIC FORUM ON WOMEN, LAW AND DEVELOPMENTc( Dhaka, Bangladeshd16-18 October 1992) a Women, religion, and family law : ba report of a regional consultation aKuala LumpurbAsia Pacific Forum on Women, Law and Development,c[1994?] a 77 p. : ill. ; 24 cm aDomestic relations- Asia- Congresses aWomen Legal status, laws aWomen and religion aWomen's rights